THE ART OF LAWYER (Record no. 9700)

MARC details
000 -LEADER
fixed length control field 00288nam a22001457a 4500
003 - CONTROL NUMBER IDENTIFIER
control field SGT
082 ## - DEWEY DECIMAL CLASSIFICATION NUMBER
Classification number 340,MAL
100 ## - MAIN ENTRY--PERSONAL NAME
Personal name MALIK,B
245 ## - TITLE STATEMENT
Title THE ART OF LAWYER
250 ## - EDITION STATEMENT
Edition statement 11TH
260 ## - PUBLICATION, DISTRIBUTION, ETC. (IMPRINT)
Place of publication, distribution, etc NEW DELHI
Name of publisher, distributor, etc UNIVERSAL BOOK
Year of Publication 2014
300 ## - PAGE DESCRIPTION
No. of Pages 1018
650 ## - SUBJECT ADDED ENTRY--TOPICAL TERM
Topical term or geographic name as entry element YAWYER
942 ## - ADDED ENTRY ELEMENTS (KOHA)
Source of classification or shelving scheme Dewey Decimal Classification
Koha item type Books
Holdings
Withdrawn status Lost status Source of classification or shelving scheme Damaged status Not for loan Collection code Home library Current library Shelving location Date acquired Vendor Name Cost, normal purchase price SGTU Bill Number Full call number Accession No. (Barcode) Date last seen Bill Date Koha item type Total Checkouts Total Renewals Date last borrowed
    Dewey Decimal Classification   Not For Loan LAW SGT Science & Social Sciences Library SGT Science & Social Sciences Library Reference Book 27/07/2016 JUPITER LAW BOOK COMPANY 1150.00 SGTU 856 340,MAL FL308 27/07/2016 31/10/2014 Books      
    Dewey Decimal Classification     LAW SGT Science & Social Sciences Library SGT Science & Social Sciences Library Text Book 27/07/2016 JUPITER LAW BOOK COMPANY 1150.00 SGTU 856 340,MAL FL309 22/03/2022 31/10/2014 Books 6 2 09/03/2022